Flugziele vom Flughafen Klagenfurt (KLU) - Statistiken

Allgemein
  • Dieses Quiz wurde 80 mal gespielt
  • Das Durchschnittsergebnis liegt bei 9 aus 18
Antwortstatistiken
Land Airline Ziel % Korrekt
Austria Austrian Airlines Wien / VIE
94%
UK Ryanair London Stansted / STN
91%
Belgium Ryanair Charleroi / CRL
80%
Ireland Ryanair Dublin / DUB
78%
Germany Liliair Frankfurt / FRA
70%
Germany Liliair Hamburg / HAM
69%
Germany Liliair Köln-Bonn / CGN
63%
UK Ryanair Manchester / MAN
56%
Montenegro Air Montenegro Podgorica / TGD
48%
Greece Smartwings Thessaloniki / SKG
46%
Spain Ryanair Alicante / ALC
44%
Spain Ryanair Palma de Mallorca / PMI
41%
Portugal Smartwings Funchal / FNC
33%
Zypern Smartwings Pafos / PFO
26%
Switzerland Peoples Altenrhein / ACH
15%
Greece Avanti Air Paros / PAS
7%
Greece Avanti Air Skiathos / JSI
7%
Italy Peoples Lamezia Terme / SUF
6%
Keine übereinstimmenden Quizze gefunden
Verteilung der Resultate
Anzahl Personen mit jedem Resultat
Perzentil nach korrekt beantworteten Fragen
Ihre Resultats-Entwicklung
Sie haben dieses Quiz noch nicht gespielt